LIBRARY & INFORMATION CENTRE, KCAET, TAVANUR

ONLINE PUBLIC ACCESS CATALOGUE (OPAC)

Solar energy (Record no. 15664)

MARC details
000 -LEADER
fixed length control field 00464cam a2200181ua 4500
003 - CONTROL NUMBER IDENTIFIER
control field OSt
008 - FIXED-LENGTH DATA ELEMENTS--GENERAL INFORMATION
fixed length control field 190524b ||||| |||| 00| 0 eng d
020 ## - INTERNATIONAL STANDARD BOOK NUMBER
ISBN 9789352607112
020 ## - INTERNATIONAL STANDARD BOOK NUMBER
ISBN 0070260648
082 ## - DEWEY DECIMAL CLASSIFICATION NUMBER
Classification number 621.47
Item number SUK/SO
100 ## - MAIN ENTRY--AUTHOR NAME
Personal name Sukhatme, Suhas P.
245 ## - TITLE STATEMENT
Title Solar energy
250 ## - EDITION STATEMENT
Edition statement 4th /
260 ## - PUBLICATION, DISTRIBUTION, ETC. (IMPRINT)
Place of publication Chennai :
Name of publisher Mc-Graw Hill Education(India) Private Limited
Year of publication 2018.
300 ## - PHYSICAL DESCRIPTION
Number of Pages 525 p.
700 ## - ADDED ENTRY--PERSONAL NAME
Personal name Nayak,J K.
942 ## - ADDED ENTRY ELEMENTS (KOHA)
Koha item type Books
Holdings
Withdrawn status Lost status Damaged status Collection code Home library Current library Shelving location Date acquired Full call number Accession Number Koha item type Source of acquisition Cost, normal purchase price
      Non-fiction KAUAET KAUAET General Stacks 24/05/2019 621.47 SUK/SO 25963 Books    
      General Books KAUAET KAUAET Scheme 27/07/2020 621.47 SUK/SO BB 583 Book Bank scheme for SC students Aman Book stall 610.00
      General Books KAUAET KAUAET Scheme 27/07/2020 621.47 SUK/SO BB 584 Book Bank scheme for SC students Aman Book stall 610.00
free website counter